000 01120nam a22003137a 4500
003 CHAP
005 20220329134738.0
008 971013s r 00010 d
010 _a25171
011 _a26143
035 _a30243
040 _cCHAP
082 _a595.7
_bC64
110 _aCommonwealth Scientific and Industrial Research Organization. Division of Entomology
_926033
245 _aAnnual report, 19 -
260 _aCanberra :
_bThe Commonwealth,
_c19 -
300 _av.
_b: ilus.
500 _aLa biblioteca tiene: 1972-73, 1977-78, 1979-80
590 _aBATCH-UPD
_b10
_c20130110
_lUCH01
_h2203
590 _aBATCH-UPD
_b10
_c20130410
_lUCH01
_h1509
590 _aBATCH-UPD
_b10
_c20130914
_lUCH01
_h1314
590 _aCONVERSION
_b10
_c20130109
_lUCH01
_h1315
650 1 4 _aEntomología
_xInvestigación.
_937132
901 _aBK
942 _cLIBRO
949 _a595.7 C64
_bBC
_cLIBRO
_d33724000349213
_eLIBRO
_f1977-78
_h48891
_i30243
_sb
949 _a595.7 C64
_bBC
_cLIBRO
_d33724000349221
_eLIBRO
_f1972-73
_h42897
_i30243
_si
949 _a595.7 C64
_bBC
_cLIBRO
_d33724000749354
_eLIBRO
_f1979-80
_h56481
_i30243
_sb
999 _c25171
_d25171